000 00553nam a2200217Ia 4500
003 OSt
005 20220928144947.0
006 a|||||r|||| 00| 0
007 ta
008 220927b |||||||| |||| 00| 0 eng d
024 _a77377
037 _cTextual
040 _aSDCL
_cSDCL
_beng
041 _2eng
_aeng
082 _aO-,3M82:g, L0
100 _aChatterjee Sisir
_9510636
245 0 _aJames Joyce
_b A study in technique.
260 _c1970
942 _hO-,3M82:g, L0
_cTEXL
_2CC
999 _c830772
_d830772